Más allá de la economía, más acá de la utopía
Uloženo v:
| Hlavní autor: | |
|---|---|
| Médium: | Kniha |
| Jazyk: | španělština |
| Vydáno: |
Santiago
CIEPLAN
1991
|
| Témata: | |
| Tagy: |
Přidat tag
Žádné tagy, Buďte první, kdo vytvoří štítek k tomuto záznamu!
|
MARC
| LEADER | 00000nam a2200000 a 4500 | ||
|---|---|---|---|
| 001 | UCX6553 | ||
| 003 | CL-VaPUC | ||
| 008 | 930722e19910000CL |||||||||||||||||spa|d | ||
| 082 | 0 | 4 | |a 330 |b RAM |2 21 |
| 100 | 0 | |a Ramos, Joseph R |e author |9 323085 | |
| 245 | 1 | 0 | |a Más allá de la economía, más acá de la utopía |
| 300 | |a 315 p | ||
| 942 | |c BK | ||
| 945 | |d 19930722 00:00:00 | ||
| 260 | |a Santiago |b CIEPLAN |c 1991 | ||
| 650 | 0 | |a Economía |9 255568 | |
| 650 | 0 | |a Desarrollo económico |9 259599 | |
| 650 | 0 | |a Economía |9 323086 | |
| 650 | 0 | |a Desarrollo político |9 323087 | |
| 583 | |a last modification |c 19930722 00:00:00 |k Rodrigo Vera | ||
| 999 | |c 226552 |d 226550 | ||
| 952 | |0 0 |1 0 |4 0 |6 330_000000000000000_RAM_1991 |7 0 |8 A |9 225004 |a BIBENE |b BIBENE |d 2019-11-15 |i 2937123 |o 330 RAM 1991 |p 2937123 |r 2025-01-15 |w 2019-11-15 |y BK |k ICO | ||